000 00569nam a2200181Ia 4500
003 GCL
008 140319s9999 xx 000 0 ara d
040 _aGCL /
_cGCL
082 0 4 _a416
_bم م
100 1 _aمحجوب موسى
245 1 0 _aمشكلات عروضيه وحلولها /
_cمحجوب موسى
300 _a82 ص
490 _aسلسلة كتب غيرمسبوقة - 3 -
_v0
650 0 4 _aاللغة العربية
650 0 4 _aفقه اللغة العربية
650 0 4 _aاللغة العربية - العروض والقوافى
942 _2ddc
_cBK
999 _c51894
_d51894